The Penguin Dictionary of Accounting. (Record no. 2922)

MARC details
005 - DATE AND TIME OF LATEST TRANSACTION
control field 20250531132613.0
020 ## - INTERNATIONAL STANDARD BOOK NUMBER
International Standard Book Number 0-141-02525-5
082 ## - DEWEY DECIMAL CLASSIFICATION NUMBER
Classification number REF 657.03 NOB
100 ## - MAIN ENTRY--PERSONAL NAME
Author name NOBES, C
245 ## - TITLE STATEMENT
Title The Penguin Dictionary of Accounting.
250 ## - EDITION STATEMENT
Edition statement 2rd Ed
260 ## - PUBLICATION, DISTRIBUTION, ETC.
Place of publication, distribution, etc. London,
Name of publisher, distributor, etc. Penguin,
Date of publication, distribution, etc. 2006.
300 ## - PHYSICAL DESCRIPTION
Extent ix,292p.: ill.; figure, table
Dimensions 20cm.
942 ## - ADDED ENTRY ELEMENTS (KOHA)
Source of classification or shelving scheme Dewey Decimal Classification
Koha item type Books
Holdings
Date last seen Total checkouts Full call number Barcode Cost, replacement price Price effective from Koha item type Lost status Source of classification or shelving scheme Damaged status Not for loan Withdrawn status Home library Current library Shelving location Date acquired Cost, normal purchase price
05/31/2025   REF 657.03 NOB 00000010537 51000.00 05/31/2025 Books   Dewey Decimal Classification       College of Business Education Main Library College of Business Education Main Library Special Reserve Collection 10/26/2005 17000.00
06/07/2025   REF 657.03 NOB 00000011454 51000.00 06/07/2025 Books   Dewey Decimal Classification       College of Business Education Main Library College of Business Education Main Library Reference Collection 10/26/2005 17000.00
06/07/2025   REF 657.03 NOB 00000011455 51000.00 06/07/2025 Books   Dewey Decimal Classification       College of Business Education Main Library College of Business Education Main Library Reference Collection 10/26/2005 17000.00
06/07/2025   REF 657.03 NOB 00000011456 51000.00 06/07/2025 Books   Dewey Decimal Classification       College of Business Education Main Library College of Business Education Main Library Reference Collection 10/26/2005 17000.00
06/07/2025   REF 657.03 NOB 00000011457 51000.00 06/07/2025 Books   Dewey Decimal Classification       College of Business Education Main Library College of Business Education Main Library Reference Collection 10/26/2005 17000.00